• 首页
  • 本馆介绍
  • 公告通知
  • 最新文献
  • 馆藏检索
  • 电子资源
  • 读者导购
  • 参考咨询
  • 我的图书馆
  • 登录
  • 详细信息显示
  • 放入我的书架
  • 预约/预借图书
  • 作者相关作品
  • 分类相关作品
  • 丛书相关作品
  • 出版社相关作品

书目信息

  • 表格格式
  • 工作单格式
  • 卡片格式
题名:
大型工程项目物资供应管理实践与思考
    
 
作者: 卢秀军 , 吴伟 主著
分册:  
出版信息: 成都   西南财经大学出版社  2014.9
页数: 252页
开本: 24cm
丛书名:
单 册:
中图分类: F426.22
科图分类:
主题词: 天然气输送--Tian Ran Qi Shu Song--管道运输--物资供应--物资管理--中国 , 管道运输--Guan Dao Yun Shu , 物资供应--Wu Zi Gong Ying , 物资管理--Wu Zi Guan Li , 中国--Zhong Guo
电子资源:
ISBN: 978-7-5504-1390-0
000 01379nam0 22002891 450
001 350839
005 20161011165700.53
010    @a978-7-5504-1390-0@dCNY48.00
100    @a20151125d2014 em y0chiy0110 ea
101 0  @achi
102    @aCN@b510000
105    @aa z 000yy
106    @ar
200 1  @a大型工程项目物资供应管理实践与思考@ADa Xing Gong Cheng Xiang Mu Wu Zi Gong Ying Guan Li Shi Jian Yu Si Kao@f卢秀军,吴伟主著
210    @a成都@c西南财经大学出版社@d2014.9
215    @a252页@c图@d24cm
330    @a本书主要阐述在国家“十一五”重点工程——川气东送工程建设物资采购供应中,应用先进的物资供应管理理念,结合石油石化企业生产和工程建设特点,在中国石化物资供应集中统一管理体制之下,探索建立了物资供应区域化集中管理新模式。结合工程实际,重点在物资采购、供应、质量控制、国产化攻关、标准化和主力供应商培育等方面做了一些具体的尝试和实践,是对石油化工企业和大型工程建设物资供应的管理模式的探索和创新,希望能够为石油化工企业和同类大型工程的物资供应提供借鉴。
606 0  @a天然气输送@ATian Ran Qi Shu Song@x管道运输@x物资供应@x物资管理@y中国
606 0  @a管道运输@AGuan Dao Yun Shu
606 0  @a物资供应@AWu Zi Gong Ying
606 0  @a物资管理@AWu Zi Guan Li
606 0  @a中国@AZhong Guo
690    @aF426.22@v5
701  0 @a卢秀军@ALu Xiu Jun@4主著
701  0 @a吴伟@AWu Wei@f(1957-)@4主著
801  0 @aCN@bTANGWEI@c20160808
905    @b0892040-4@dF426.22@e147@f5
    
    大型工程项目物资供应管理实践与思考/卢秀军,吴伟主著.-成都:西南财经大学出版社,2014.9
    252页:图;24cm
    
    
    ISBN 978-7-5504-1390-0:CNY48.00
    本书主要阐述在国家“十一五”重点工程——川气东送工程建设物资采购供应中,应用先进的物资供应管理理念,结合石油石化企业生产和工程建设特点,在中国石化物资供应集中统一管理体制之下,探索建立了物资供应区域化集中管理新模式。结合工程实际,重点在物资采购、供应、质量控制、国产化攻关、标准化和主力供应商培育等方面做了一些具体的尝试和实践,是对石油化工企业和大型工程建设物资供应的管理模式的探索和创新,希望能够为石油化工企业和同类大型工程的物资供应提供借鉴。
●
相关链接 在E读中查询图书 在五车中查询图书 在当当中查询图书 在豆瓣中查询图书


正题名:大型工程项目物资供应管理实践与思考     索取号:F426.22/147         预约/预借

序号 登录号 条形码 馆藏地/架位号 状态 备注
1 0892040   208920408   第一样本阅览室/ [索取号:F426.22/147] 在馆    
2 0892041   208920417   第一借阅区/ [索取号:F426.22/147] 在馆    
3 0892042   208920426   第一借阅区/ [索取号:F426.22/147] 在馆    
4 0892043   208920435   第一借阅区/ [索取号:F426.22/147] 在馆    
5 0892044   208920444   密集书库-海洋学院/ [索取号:F426.22/147] 在馆    
欢迎您!
大连网信软件有限公司© 版权所有